000 01222cam a22003497a 4500
003 CHAP
005 20220329141947.0
008 981001d1998 mx a r 00110 spa d
010 _a76297
011 _a77269
035 _a86872
040 _cCHAP
090 _aTesis
100 0 0 _aAcosta Montoya, Juan.
_9676
245 1 0 _aComportamiento de la distribución de biomasa en brinzales de Abies religiosa (H.B.K.) Schl. et Cham. en declinación
_c/por Juan Acosta Montoya
260 _aChapingo, Méx. :
_bEl autor,
_c1998.
300 _a50 h. :
_bilus. ; cuadros
502 _aTesis (Ing. Agr. Esp. en Bosques) -- UACH. División de Ciencias Forestales
590 _aALEPH
_b10
_c20130110
_lUCH01
_h1425
590 _aBATCH-UPD
_b10
_c20130110
_lUCH01
_h0754
590 _aBATCH-UPD
_b10
_c20130410
_lUCH01
_h0434
590 _aBATCH-UPD
_b10
_c20130913
_lUCH01
_h1917
590 _aCONVERSION
_b10
_c20130109
_lUCH01
_h1342
650 1 4 _aÁrboles
_xEnfermedades.
_982436
650 1 4 _aBiomasa.
_912825
650 1 4 _aOyamel.
_984468
901 _aBK
905 _aAlejandra Carrasco M.
942 _cFOLL
949 _bBC
_cTES
_d33724000590063
_eTS2
_fc.2
_h32944
_i86872
_si
949 _bBC
_cTES
_d868721
_eTS1
_h32904
_i86872
_sb
999 _c76297
_d76297